00441nam a22001457a 450000500170000000800410001702000150005804100130007308200150008610000260010124500640012726000470019130000320023865000250027020231107133146.0231107b |||||||| |||| 00| 0 eng d a0702104078 aEnglish  a346.43 COO aCooper, WE lEnglish  aThe South African Law of Landlord and Tenant / cWE Cooper  aCape Town : bJuta and Company Ltd, c1973 bliii, 571 pages ; c26 cm.  aLegal practice bLaw